Landlocked Countries - World Map Sudden Death - Statistics

General Stats
  • This quiz has been taken 259 times
  • The average score is 13 of 15
Answers on the Grid
Answers color-coded by a green-red scale on the quiz's grid according to % correct below.
 
Answer Stats
Answer % Correct
Afghanistan, Bhutan, Kazakhstan, Kyrgyzstan, Mongolia, Nepal, Tajikistan, Uzbekistan
97%
Bolivia, Paraguay
95%
Burkina Faso, Burundi, Central African Republic, Chad, Mali, Niger, Rwanda, South Sudan, Uganda
95%
Botswana, Eswatini, Lesotho, Zambia, Zimbabwe
94%
Afghanistan, Armenia, Azerbaijan, Kazakhstan, Kyrgyzstan, Tajikistan, Turkmenistan, Uzbekistan
94%
Andorra, Austria, Czechia, Hungary, Kosovo, Liechtenstein, Luxembourg, Mali, Moldova, North Macedonia, San Marino, Serbia, Slovakia, Switzerland, Vatican City
92%
Ethiopia, South Sudan, Uganda
92%
Eswatini, Malawi, Zambia, Zimbabwe
89%
Mongolia
88%
Belarus, Kazakhstan
87%
Kazakhstan, Mongolia
87%
Belarus
84%
Laos
81%
Lesotho
80%
Mali
78%
No matching quizzes found
Score Distribution
Percent of People with Each Score
Percentile by Number Answered
Your Score History
You have not taken this quiz